| 000 | 00496nam a2200181 i 4500 | ||
|---|---|---|---|
| 001 | 135641 | ||
| 003 | ES-MaACL | ||
| 005 | 20230906194925.0 | ||
| 007 | t| | ||
| 008 | 070720s1961 sp ||||1| spa d | ||
| 080 | _a86-311.2"19" | ||
| 100 | 1 |
_aTorres, Raúl. _9110916 |
|
| 245 | 1 | 0 |
_aEscucho un breve ruido / _cRaúl Torres. |
| 260 |
_a[Cuenca : _bMinerva, _c1961] |
||
| 300 |
_a80 p. ; _c19 cm. |
||
| 500 | _aPremio "Diputación de Albacete" 1960. | ||
| 852 |
_aES-MaACL _jC-19673 _bR.47360 |
||
| 999 |
_c135641 _d135641 |
||